Desarrollo de un estǹdar certificable de indicadores de excelencia en gestin̤ de la responsabilidad social con las personas con discapacidad en la administracin̤ pb︢lica

Bibliographic Details
Corporate Author: Fundacin̤ Bequal
Format: Book
Language:Spanish
Published: Espaą Instituto Nacional de Administracin̤ Pb︢lica (INAP) 2015
Subjects:
Online Access:Acceso restringido

MARC

LEADER 00000nam a22000007a 4500
005 2016022400530.0
007 cr|||| ||u|
008 160224s2015 sp ||||| |||| 00||0 spa d
020 |a 978-84-7351-507-8 
035 |a 13122 
040 |a vLex 
090 |c 5923  |d 5923 
245 1 0 |a Desarrollo de un estǹdar certificable de indicadores de excelencia en gestin̤ de la responsabilidad social  |h [Recurso electrn̤ico] /  |b con las personas con discapacidad en la administracin̤ pb︢lica   |c Fundacin̤ Bequal  
256 |a Servicio en ln̕ea  
260 |a Espaą  |b Instituto Nacional de Administracin̤ Pb︢lica (INAP)  |c 2015 
300 |a 1 recurso electrn̤ico  
500 |a El presente libro desarrolla un modelo de indicadores de verificacin̤ de la excelencia en la gestin̤ responsable de las Administraciones Pb︢licas con las personas con discapacidad en todas sus manifestaciones; trabajadores, proveedores, usuarios y ciudadanos en general. Para que la Administracin̤ Pb︢lica trabaje hacia la excelencia, optimizando sus procesos en favor de sus resultados y siguiendo criterios de responsabilidad social, debe de someterse a la autoevaluacin̤, seguimiento y control de sus polt̕icas, para comprobar el logro de los objetivos y/o en el caso de ser necesario, rediseąr sus polt̕icas de forma que sean eficientes y realmente efectivas. Cuatro millones de ciudadanos y ciudadanas y sus familias engloban una poblacin̤ suficientemente numerosa como para condicionar un modo de hacer gestin̤ pb︢lica inclusiva y as ̕representar a todos los ciudadanos. 
506 1 |a Contenido solo disponible en los productos indicados  |d vLex Global  |d vLex Global (Academic Edition, excluding Law Schools)  |d vLex Global (U.S. Academic Edition, Law Schools)  |d vLex Global (U.S. Academic Edition, excluding Law Schools)  |d vLex Global (Academic Edition, Law Schools) 
650 0 4 |a Derecho  |z Espaą 
710 |a Fundacin̤ Bequal  
740 0 |a vLex libros (servicio en ln̕ea)  
856 4 0 |u http://vlex.com/source/desarrollo-de-un-estandar-certificable-de-indicadores-de-excelencia-en-gestion-de-la-responsabilidad-social-con-las-personas-con-discapacidad-en-la-administracion-publica-13122  |z Acceso restringido  
942 |c BOOK 
999 0 |a Law